[Event "Llinars del Valles op 1st"]
[Site "Llinars del Valles"]
[Date "2021.06.27"]
[Round "3"]
[White "Cordomi Fons, Francesco"]
[Black "Romero Kovina, Daniel"]
[Result "0-1"]
[WhiteElo "1909"]
[BlackElo "1336"]
[PlyCount "66"]
[EventDate "2021.06.25"]
[EventType "swiss"]
[EventRounds "9"]
[EventCountry "ESP"]
[SourceTitle "CBM 203 Extra"]
[Source "ChessBase"]
[SourceDate "2021.09.30"]
[SourceVersion "1"]
[SourceVersionDate "2021.09.30"]
[SourceQuality "1"]

1. e4 c5 2. b4 cxb4 3. a3 d5 4. e5 Nc6 5. d4 Qb6 6. Be3 Bf5 7. Bd3 e6 8. Bxf5 exf5 9. a4 Nge7 10. Ne2 Ng6 11. f4 Be7 12. 0-0 Na5 13. Qd3 Nc4 14. Bc1 Qe6 15. Nd2 Rd8 16. Nf3 Nf8 17. Ng5 Qc8 18. a5 g6 19. c3 Qc7 20. a6 b3 21. Rb1 Qb6 22. axb7 Qxb7 23. Qd1 Rb8 24. Nf3 b2 25. Qa4+ Nd7 26. e6 fxe6 27. Bd2 Na3 28. Ne5 Nxb1 29. Rxb1 Qb5 30. Qxa7 Nxe5 31. fxe5 Kf7 32. c4 dxc4 33. d5 Qc5+ 0-1

[Event "Roncana op-A 13th"]
[Site "Santa Eulalia de Roncana"]
[Date "2019.11.09"]
[Round "6"]
[White "Cordomi Fons, Francesco"]
[Black "Filipenko, Yan"]
[Result "1-0"]
[WhiteElo "1929"]
[BlackElo "1412"]
[PlyCount "45"]
[EventDate "2019.09.28"]
[EventType "swiss"]
[EventRounds "8"]
[EventCountry "ESP"]
[SourceTitle "CBM 193 Extra"]
[Source "ChessBase"]
[SourceDate "2020.01.31"]
[SourceVersion "1"]
[SourceVersionDate "2020.01.31"]
[SourceQuality "1"]

1. d4 e6 2. c4 c5 3. e3 Nf6 4. Nc3 d5 5. Nf3 Nc6 6. Bd3 g6 7. 0-0 Bg7 8. dxc5 Qa5 9. Nb5 0-0 10. Bd2 Qd8 11. Bc3 a6 12. Nbd4 e5 13. Nxc6 bxc6 14. Nxe5 Bb7 15. Qa4 Rc8 16. Rad1 Re8 17. Nf3 Qe7 18. b4 h6 19. Qc2 g5 20. Nd4 Ng4 21. Bf5 Nxe3 22. fxe3 Qxe3+ 23. Kh1 1-0

[Event "Roncana op-A 13th"]
[Site "Santa Eulalia de Roncana"]
[Date "2019.10.19"]
[Round "4"]
[White "Cordomi Fons, Francesco"]
[Black "Salinas Tomas, Daniel"]
[Result "1/2-1/2"]
[WhiteElo "1929"]
[BlackElo "1867"]
[PlyCount "48"]
[EventDate "2019.09.28"]
[EventType "swiss"]
[EventRounds "8"]
[EventCountry "ESP"]
[SourceTitle "CBM 193 Extra"]
[Source "ChessBase"]
[SourceDate "2020.01.31"]
[SourceVersion "1"]
[SourceVersionDate "2020.01.31"]
[SourceQuality "1"]

1. e4 d6 2. d4 Nf6 3. Bd3 e5 4. c3 Be7 5. Ne2 0-0 6. 0-0 Nbd7 7. f4 Re8 8. Nd2 b6 9. Nf3 Bf8 10. Ng3 Bb7 11. Qc2 g6 12. Bd2 Bg7 13. fxe5 dxe5 14. d5 Nc5 15. Bb5 Re7 16. b4 Ncd7 17. Rad1 a6 18. Bc4 b5 19. Bb3 c5 20. Qc1 cxb4 21. cxb4 Rc8 22. Qb1 Qb6+ 23. Kh1 Qd6 24. Rc1 Ree8 1/2-1/2

[Event "Vall del Tenes"]
[Site "Santa Eulalia de Roncana"]
[Date "2019.06.21"]
[Round "9.1"]
[White "Cordomi Fons, Francesco"]
[Black "Centelles Vivas, Aleix"]
[Result "1/2-1/2"]
[WhiteElo "1896"]
[BlackElo "1991"]
[PlyCount "81"]
[EventDate "2019.04.26"]
[EventType "tourn"]
[EventRounds "9"]
[EventCountry "ESP"]
[SourceTitle "EXT 2024"]
[Source "ChessBase"]
[SourceDate "2023.10.10"]
[SourceVersion "1"]
[SourceVersionDate "2023.10.10"]
[SourceQuality "1"]

1. e4 c5 2. Nf3 g6 3. d4 cxd4 4. Nxd4 Bg7 5. c3 Nc6 6. Be3 Nf6 7. f3 0-0 8. Nd2 d5 9. Nxc6 bxc6 10. e5 Nd7 11. f4 f6 12. exf6 exf6 13. Bd3 Re8 14. Qf3 Nc5 15. Bc2 Qe7 16. Kf2 Ba6 17. Rhe1 Bd3 18. Bd4 Ne4+ 19. Nxe4 dxe4 20. Qd1 Bxc2 21. Qxc2 c5 22. Be3 f5 23. Qb3+ Kh8 24. Qd5 Rab8 25. Rab1 Red8 26. Qxc5 Qxc5 27. Bxc5 Rd2+ 28. Re2 Bxc3 29. Rxd2 Bxd2 30. Bd4+ Kg8 31. Be5 Rc8 32. Ke2 Ba5 33. Rd1 Rc2+ 34. Kf1 Rd2 35. Rxd2 Bxd2 36. Ke2 Ba5 37. Bd4 Bb6 38. Be5 Ba5 39. Bd4 Bb6 40. Be5 Ba5 41. Bd4 1/2-1/2

[Event "Santa Eulalia Vall del Tenes op 7th"]
[Site "Santa Eulalia de Roncana"]
[Date "2018.05.04"]
[Round "5.10"]
[White "Soler Colomer, Joan"]
[Black "Cordomi Fons, Francesco"]
[Result "0-1"]
[WhiteElo "1503"]
[BlackElo "1867"]
[PlyCount "102"]
[EventDate "2018.04.06"]
[EventType "swiss"]
[EventRounds "8"]
[EventCountry "ESP"]
[SourceTitle "EXT 2024"]
[Source "ChessBase"]
[SourceDate "2023.10.10"]
[SourceVersion "1"]
[SourceVersionDate "2023.10.10"]
[SourceQuality "1"]

1. Nf3 d5 2. d4 Nf6 3. c4 c6 4. Nc3 Bg4 5. Ne5 Bh5 6. cxd5 Nxd5 7. Qb3 Qb6 8. Qc4 Nxc3 9. bxc3 f6 10. Nf3 Bf7 11. Qd3 Nd7 12. e4 Qc7 13. g3 e5 14. Bg2 Rd8 15. Qe2 Nb6 16. Be3 Bc4 17. Qc2 Be7 18. Nd2 Be6 19. 0-0 Nc4 20. Nxc4 Bxc4 21. Rfd1 0-0 22. Rd2 Bd6 23. Rad1 b5 24. Bf1 Bxf1 25. Kxf1 a5 26. Qb3+ Kh8 27. Kg2 a4 28. Qc2 Ba3 29. c4 exd4 30. Rxd4 Rxd4 31. Rxd4 Bc5 32. Rd3 Qe5 33. cxb5 Bxe3 34. Rxe3 cxb5 35. Rc3 h6 36. Rc5 Qb8 37. Qb2 Qb7 38. f3 b4 39. Rc4 Rb8 40. Kf2 Qb5 41. Rd4 b3 42. axb3 axb3 43. Ke3 Qc5 44. Kd2 Ra8 45. Kd3 Qb5+ 46. Kc3 Rc8+ 47. Kd2 Rc2+ 48. Qxc2 bxc2 49. Kxc2 Qe2+ 50. Rd2 Qxf3 51. Rd4 Qe3 0-1

[Event "Vall del Tenes op 6th"]
[Site "Santa Eulalia de Roncana"]
[Date "2017.06.09"]
[Round "7"]
[White "Cordomi Fons, Francesco"]
[Black "Soler Colomer, Joan"]
[Result "1-0"]
[WhiteElo "1845"]
[BlackElo "1513"]
[PlyCount "51"]
[EventDate "2017.04.21"]
[EventType "swiss"]
[EventRounds "8"]
[EventCountry "ESP"]
[SourceTitle "CBM 189 Extra"]
[Source "ChessBase"]
[SourceDate "2019.06.03"]
[SourceVersion "1"]
[SourceVersionDate "2019.06.03"]
[SourceQuality "1"]

1. e4 d6 2. d4 Nf6 3. Nc3 g6 4. f4 Bg7 5. Nf3 0-0 6. Be2 c5 7. d5 a6 8. a4 Nbd7 9. 0-0 Re8 10. e5 dxe5 11. fxe5 Ng4 12. e6 fxe6 13. dxe6 Nde5 14. Ng5 Nf6 15. Bf4 Nc6 16. Qe1 Nd4 17. Bd3 Qb6 18. a5 Qc6 19. Nce4 c4 20. Nxf6+ Bxf6 21. Qh4 Bxg5 22. Bxg5 Nxe6 23. Bxc4 Kh8 24. Bxe7 g5 25. Bxg5 Nxg5 26. Qd4+ 1-0

[Event "Roncana op-A 10th"]
[Site "Santa Eulalia de Roncana"]
[Date "2016.11.05"]
[Round "6"]
[White "Villar Reymundo, Juan Antonio"]
[Black "Cordomi Fons, Francesco"]
[Result "1-0"]
[WhiteElo "2156"]
[BlackElo "1868"]
[PlyCount "117"]
[EventDate "2016.09.24"]
[EventType "swiss"]
[EventRounds "8"]
[EventCountry "ESP"]
[SourceTitle "EXT 2018"]
[Source "ChessBase"]
[SourceDate "2017.10.13"]
[SourceVersion "1"]
[SourceVersionDate "2017.10.13"]
[SourceQuality "1"]

1. Nf3 f5 2. g3 Nf6 3. Bg2 d5 4. c4 e6 5. 0-0 Bd6 6. Nc3 c6 7. d3 0-0 8. e4 fxe4 9. dxe4 dxe4 10. Ng5 Bc5 11. Qb3 Qe7 12. Ngxe4 Nxe4 13. Nxe4 Nd7 14. Be3 a5 15. Qc2 Nf6 16. a3 Bd6 17. Nxd6 Qxd6 18. Rad1 Qe5 19. b4 axb4 20. axb4 Qf5 21. Qb2 Bd7 22. Rfe1 Be8 23. Bc5 Bh5 24. Re5 Ra2 25. Qxa2 Qxe5 26. Qa1 Qxa1 27. Rxa1 Rd8 28. Bh3 Kf7 29. Re1 Bg4 30. Bf1 Rd1 31. Rxd1 Bxd1 32. Bd3 Bf3 33. Bd4 h6 34. Kf1 Nd7 35. Ke1 e5 36. Bc3 Ke6 37. Kd2 g5 38. h3 Bg2 39. h4 g4 40. Ke3 Nf6 41. Be2 b6 42. Bd2 h5 43. Kd3 Be4+ 44. Kc3 Bg2 45. Be3 Nd7 46. Bd3 e4 47. Bc2 c5 48. Ba4 cxb4+ 49. Kxb4 Bf1 50. Bc6 Bd3 51. Bd5+ Ke7 52. Kb5 Kd6 53. Bxb6 Ne5 54. Be3 Ke7 55. Bg5+ Ke8 56. Kc5 Be2 57. Kd4 Nd7 58. Bc6 Bd3 59. Kd5 1-0

[Event "Llinars del Valles op-A 9th"]
[Site "Llinars del Valles"]
[Date "2015.05.02"]
[Round "4"]
[White "Serra Canals, Oriol"]
[Black "Cordomi Fons, Francesco"]
[Result "1-0"]
[WhiteElo "2090"]
[BlackElo "1870"]
[PlyCount "79"]
[EventDate "2015.04.11"]
[EventType "swiss"]
[EventRounds "9"]
[EventCountry "ESP"]
[SourceTitle "EXT 2016"]
[Source "ChessBase"]
[SourceDate "2015.10.08"]
[SourceVersion "1"]
[SourceVersionDate "2015.10.08"]
[SourceQuality "1"]

1. d4 f5 2. g3 Nf6 3. Bg2 e6 4. Nf3 d5 5. 0-0 Bd6 6. c4 c6 7. b3 0-0 8. Ba3 Bxa3 9. Nxa3 Qe7 10. Nc2 Ne4 11. Nce1 Nd7 12. Nd3 Ndf6 13. Qc2 Bd7 14. Nfe5 Be8 15. a4 Rc8 16. b4 Nd7 17. Nxd7 Bxd7 18. Bxe4 fxe4 19. Ne5 Be8 20. c5 Rf6 21. f3 exf3 22. exf3 Bg6 23. Qe2 Bf5 24. Rfe1 h5 25. Ra3 g5 26. b5 g4 27. bxc6 bxc6 28. Qa6 Rc7 29. fxg4 Bxg4 30. Rb3 Bh3 31. Nxc6 Rxc6 32. Qxc6 Qf8 33. Qb5 Kg7 34. Qe2 e5 35. Qxe5 Kg6 36. Rbb1 Qf7 37. Rbc1 Re6 38. Qf4 Rf6 39. Qd2 Bd7 40. Re5 1-0